| 000 | 00655nam a2200217 a 4500 | ||
|---|---|---|---|
| 001 | 72233 | ||
| 003 | BD-RjUL | ||
| 005 | 20211209082229.0 | ||
| 008 | 170515s1954 nyua b 000 0 eng d | ||
| 035 | _a(BD-RjUL)72450 | ||
| 040 |
_aDLC _cYNG _dBD-RjUL _dBD-RjUL _beng |
||
| 041 | _aeng | ||
| 082 |
_a530.81 _223 _bDEC 1954 |
||
| 100 | 1 |
_aDebye, Peter J. W. _9213599 |
|
| 245 | 1 | 4 |
_aThe collected papers of Peter J. W. Debye / _cPeter J. W. Debye |
| 260 |
_aNew York : _bInterscience Publishers, _c1954. |
||
| 300 |
_axxi, 700 p. : _bill. ; _c29 cm. |
||
| 504 | _aIncludes Bibliography. | ||
| 650 | 0 |
_aPhysical units and constants _9213600 |
|
| 942 |
_2ddc _cBK |
||
| 999 |
_c72233 _d72233 |
||